Geological Periods - Statistics

General Stats
  • This quiz has been taken 261 times
  • The average score is 9 of 12
Answer Stats
Period % Correct
Jurassic
96%
Triassic
91%
Cambrian
86%
Cretaceous
80%
Devonian
79%
Permian
73%
Precambrian
71%
Silurian
70%
Carboniferous
69%
Ordovician
68%
Quaternary
52%
Tertiary
47%
No matching quizzes found
Score Distribution
Percent of People with Each Score
Percentile by Number Answered
Your Score History
You have not taken this quiz